| 000 | 00810nam a2200217Ia 4500 | ||
|---|---|---|---|
| 999 |
_c40224 _d40224 |
||
| 001 | 6831 | ||
| 003 | GE_BSU | ||
| 005 | 20200127104516.0 | ||
| 008 | 181216s1968||||ge |||||||||||||| ||ge || | ||
| 040 | _cGE_BSU | ||
| 041 | _ageo | ||
| 080 | _a821.353.1-32 გ-62 | ||
| 100 |
_aგოთუა, ლევან. _92050 |
||
| 245 |
_aმატიანური : _bმოთხრობები / _cლევან გოთუა ; რედ. ც. ჩხეიძე. |
||
| 264 |
_aთბილისი : _bლიტერატურა და ხელოვნება, _c1968. |
||
| 300 |
_a230 გვ. ; _c20 სმ. |
||
| 653 | _aმატიანური | ||
| 653 | _aმოთხრობები | ||
| 700 |
_aჩხეიძე, ც. _eრედაქტორი _93987 |
||
| 942 |
_cBK _2udc |
||